000 00665nam a22002297a 4500
003 UA-OsUOA
001 75821
007 ta
008 20110601b un ||||| |||| 00| 0 ukr d
090 _a82.09(477)
_bН37
942 _cBK
040 _aUA-OsUOA
_bukr
_cUA-OsUOA
_dUA-OsUOA
245 _aНаш Микола Негода
_bспогади
_cупоряд. і ред. В.Поліщук
300 _a212 с.
955 _a2
041 _aukr
080 _a82.09(477)
020 _a978-966-493-225-4
260 _aЧеркаси
_bЧабаненко Ю.
_c2009
650 7 _a82 Література. Літературознавство
_2UDC
999 _c362119
_d362119